Statistics for Flag Quiz Easy

Click here to take the quiz!

General Stats

  • This quiz has been taken 36 times
  • The average score is 15 of 16

Answer Stats

Answer% Correct
United States
100%
Canada
97%
China
97%
France
97%
Italy
97%
United Kingdom
97%
Australia
94%
Brazil
94%
Japan
94%
Mexico
94%
Russia
94%
Spain
94%
Ireland
91%
Argentina
88%
India
88%
Ukraine
82%

Score Distribution

Percentile by Number Answered

Percent of People with Each Score

Your Score History

You have not taken this quiz